Female Singers Lyrics - Statistics

General Stats
  • This quiz has been taken 35 times
  • The average score is 6 of 15
Answer Stats
Lyrics Song % Correct
One, two, three, one, two, three, drink Chandelier
76%
It's not about the money, money, money We don't need your money, money, money Price Tag
62%
The scars of your love remind me of us They keep me thinking that we almost had it all Rolling in the Deep
62%
Cause if you liked it then you should have put a ring on it Single Ladies
62%
Uh, let's go to the beach-each Let's go get a wave Starships
62%
So you wanna play with magic? Boy, you should know what you're fallin' for Dark Horse
59%
With a taste of your lips, I'm on a ride Toxic
53%
Take a sip of my secret potion One taste and you'll be mine It's a spell that can't be broken And'll keep you up all night Black Magic
38%
I never hit so hard in love All I wanted was to break your walls Wrecking Ball
38%
Are you hiding from me, yeah? Somewhere in the crowd Where Have You Been
29%
Time goes by so slowly for those who wait No time to hesitate Those who run seem to have all the fun I'm caught up, I don't know what to do Hung Up
26%
I said, baby, I do this, I thought that you knew this Can't stand no haters and honest, the truth is And my flow retarded, each beat dear, departed Swagger on stupid, I can't shop at no department Fancy
24%
No one never listens This wallpaper glistens Don't let them see what goes down in the kitchen Dollhouse
21%
All I ever wanted was the world I can't help that I need it all Primadonna
15%
Got no weight on my shoulders I should be wiser, and realize that I've got Problem
15%
No matching quizzes found
Score Distribution
Percent of People with Each Score
Percentile by Number Answered
Your Score History
You have not taken this quiz